| 000 | 04290cam a2200757 a 4500 | ||
|---|---|---|---|
| 001 | 5238188 | ||
| 005 | 20210616114847.0 | ||
| 008 | 041028s2005 nyuab 000 0deng | ||
| 010 | _a 2004061600 | ||
| 020 |
_a9780312425036 _q(pbk.) |
||
| 020 |
_a0312425031 _q(pbk.) |
||
| 020 |
_a0374280827 _q(alk. paper) |
||
| 020 |
_a9780374280826 _q(alk. paper) |
||
| 024 | 8 | _a99810028362 | |
| 024 | 8 | _a40011675946 | |
| 035 |
_a(OCoLC)57068907 _z(OCoLC)963343502 |
||
| 035 | _aucoclc57068907 | ||
| 035 | _a5238188 | ||
| 037 |
_a0374280827 _bBWI |
||
| 040 |
_aDLC _beng _cDLC _dYDX _dIXA _dVP@ _dBAKER _dYBM _dMDY _dBTCTA _dYDXCP _dLVB _dLMR _dMEU _dDMZ _dTXBXL _dBDX _dOCLCF _dOCLCO _dOCLCQ _dOCL _dOCLCO _dOCL _dI8M _dSFR _dOCLCQ _dICN _dWLU _dOCLCO _dXBE _dOCLCA _dUCW _dJDP _dT3V _dOCLCO _dOCLCQ _dDCHUA _dOCL _dP$H |
||
| 041 | 1 |
_aeng _hfre |
|
| 043 | _af-rw--- | ||
| 050 | 0 | 0 |
_aDT450.435 _b.H3914 2005 |
| 082 | 0 | 0 |
_a967.57104/31 _222 |
| 100 | 1 | _aHatzfeld, Jean. | |
| 240 | 1 | 0 |
_aSaison de machettes. _lEnglish |
| 245 | 1 | 0 |
_aMachete season : _bthe killers in Rwanda speak : a report / _cby Jean Hatzfeld ; translated from the French by Linda Coverdale ; preface by Susan Sontag. |
| 250 | _a1st American ed. | ||
| 260 |
_aNew York : _bFarrar, Straus and Giroux, _c2005. |
||
| 300 |
_axiv, 253 pages : _billustrations, maps ; _c22 cm |
||
| 336 |
_atext _btxt _2rdacontent |
||
| 337 |
_aunmediated _bn _2rdamedia |
||
| 338 |
_avolume _bnc _2rdacarrier |
||
| 505 | 0 | _aEarly morning -- How it was organized -- The three hills -- The first time -- A gang -- Apprenticeship -- Group spirit -- Taste and distaste -- Going into action -- Field work -- A neighborhood genocide -- Punishment -- Some thoughts on corrugated metal -- Looting -- A sealed chamber -- Rejoicing in the village -- The disappearance of escape networks -- Women -- In search of the just -- Acquaintances -- Penitentiary walls -- Suffering -- Guys in good shape -- And God in all this? -- In the shade of an acacia -- Remorse and regrets -- Joseph-D�esir�e Bitero -- The organizers -- Behind the mudugudus -- Life goes on -- Bargaining for forgiveness -- Pardons -- A noble bearing -- Hatred of the Tutsis -- An unnatural slaughter -- Words to avoid saying it -- Death in the eye of a killer. | |
| 520 | _aDuring the spring of 1994, in a tiny country called Rwanda, some 800,000 people were hacked to death, one by one, by their neighbors in a gruesome civil war. Several years later, journalist Jean Hatzfeld traveled to Rwanda to interview ten participants in the killings, eliciting extraordinary testimony from these men about the genocide they perpetrated. | ||
| 599 |
_aNEW _bUclaCollMgr _bMonosBKS20032006 _bNew collection customer.207.13 |
||
| 651 | 0 |
_aRwanda _xHistory _yCivil War, 1994 _xAtrocities. |
|
| 651 | 0 |
_aRwanda _xHistory _yCivil War, 1994 _vPersonal narratives. |
|
| 650 | 0 |
_aTutsi (African people) _xCrimes against _zRwanda _xHistory _y20th century. |
|
| 650 | 0 |
_aHutu (African people) _zRwanda. |
|
| 650 | 0 |
_aGenocide _zRwanda _xHistory _y20th century. |
|
| 651 | 0 |
_aRwanda _xEthnic relations _xHistory _y20th century. |
|
| 650 | 7 |
_aAtrocities. _2fast _0(OCoLC)fst00820727 |
|
| 650 | 7 |
_aEthnic relations. _2fast _0(OCoLC)fst00916005 |
|
| 650 | 7 |
_aGenocide. _2fast _0(OCoLC)fst00940208 |
|
| 650 | 7 |
_aHutu (African people) _2fast _0(OCoLC)fst00964445 |
|
| 650 | 7 |
_aTutsi (African people) _xCrimes against. _2fast _0(OCoLC)fst01426861 |
|
| 651 | 7 |
_aRwanda. _2fast _0(OCoLC)fst01212358 |
|
| 647 | 7 |
_aRwandan Civil War _c(Rwanda : _d1994) _2fast _0(OCoLC)fst01352318 |
|
| 648 | 7 |
_a1900-1999 _2fast |
|
| 655 | 7 |
_aHistory. _2fast _0(OCoLC)fst01411628 |
|
| 655 | 7 |
_aPersonal narratives. _2fast _0(OCoLC)fst01423843 |
|
| 655 | 7 |
_aPersonal narratives. _2lcgft |
|
| 650 | 7 |
_aTutsi (African people) _zRwanda _xHistory. _2sears |
|
| 650 | 7 |
_aOffenses against the person _zRwanda _xHistory. _2sears |
|
| 650 | 7 |
_aHutu (African people) _zRwanda. _2sears |
|
| 650 | 7 |
_aGenocide _zRwanda _xHistory. _2sears |
|
| 651 | 7 |
_aRwanda _xHistory _y1994, Civil War _xAtrocities. _2sears |
|
| 651 | 7 |
_aRwanda _xHistory _y1994, Civil War _vPersonal narratives. _2sears |
|
| 651 | 7 |
_aRwanda _xEthnic relations _xHistory. _2sears |
|
| 910 | _aUclaCollMgr MonosBKS20032006 20210419 | ||
| 910 | _aim 050915 | ||
| 910 | _aMARS | ||
| 949 | _a5238188 | ||
| 994 |
_aC0 _bCLU |
||
| 999 |
_c715 _d715 |
||